NBA Top 10 Small Forwards All-Time - Statistics

General Stats
  • This quiz has been taken 436 times
  • The average score is 7 of 10
Answer Stats
Player % Correct
LeBron James
99%
Larry Bird
90%
Kevin Durant
88%
Scottie Pippen
79%
Kawhi Leonard
61%
Elgin Baylor
59%
Julius Erving
57%
John Havlicek
51%
Paul Pierce
48%
Rick Barry
28%
No matching quizzes found
Score Distribution
Percent of People with Each Score
Percentile by Number Answered
Your Score History
You have not taken this quiz